Normal view
MARC view
- اللغة العربية-الفاظ الخصوص والعموم-دراسة تفصيلية لغوية
Entry Topical Term
001 - CONTROL NUMBER
- control field: 13075
003 - CONTROL NUMBER IDENTIFIER
- control field: JO-AjAnu
005 - DATE AND TIME OF LATEST TRANSACTION
- control field: 20230606072407.0
008 - FIXED-LENGTH DATA ELEMENTS
- fixed length control field: 230606|| aca||aabn | a|a d
040 ## - CATALOGING SOURCE
- Original cataloging agency: JO-AjAnu
- Transcribing agency: JO-AjAnu
150 ## - HEADING--TOPICAL TERM
- Topical term or geographic name entry element: اللغة العربية-الفاظ الخصوص والعموم-دراسة تفصيلية لغوية
670 ## - SOURCE DATA FOUND
- Source citation: Work cat.: (JO-AjAnu)6727: تاليف عبد الجواد، سمير أحمد, author 13074, من قضايا اللغة ألفاظ الخصوص والعموم دراسة تفصيلية لغوية